00471nam a2200181Ia 45000030006000000050017000060080041000230200018000640400009000820410012000910820016001031000019001192450036001382600035001743000008002095050036002176500036002530Nust20170105110250.0161124s9999 xx 000 0 und d a4-431-70206-7 cIGIS aEnglish a623.01bNAT aNatsuyama. H.H aTerrestrial Radiative Transfoer aNew yorkbSpringer pressc1998 a279 aTerrestrial Radiative Transfoer aTerrestrial Radiative Transfoer